| 000 | 00712cam a22002413a 4500 | ||
|---|---|---|---|
| 001 | 4090 | ||
| 003 | PGUSA | ||
| 005 | 20140828083048.0 | ||
| 008 | 030501s2003||||xxu|||||s|||||000 | eng d | ||
| 040 |
_aPGUSA _beng |
||
| 042 | _adc | ||
| 050 | 4 | _aPN | |
| 100 | 1 |
_aWeston, Jessie Laidlay, _d1850-1928 |
|
| 245 | 1 | 0 |
_aFrom Ritual to Romance _h[electronic resource] / _cJessie Laidlay Weston |
| 260 |
_bProject Gutenberg, _c2003 |
||
| 506 | _aPublic domain in the USA. | ||
| 516 | _aElectronic text | ||
| 653 | _aRomances -- History and criticism | ||
| 653 | _aGrail -- Legends -- History and criticism | ||
| 830 | 0 |
_aProject Gutenberg _v4090 |
|
| 856 | 4 | 0 | _uhttp://www.gutenberg.org/ebooks/4090 |
| 942 | _cEB | ||
| 999 |
_c233419 _d233419 |
||